[Event "GER-chT Seniors 26th"]
[Site "Templin"]
[Date "2017.09.30"]
[Round "6.3"]
[White "Rust, Klaus"]
[Black "Lenk, Wolfgang"]
[Result "1-0"]
[WhiteElo "2065"]
[BlackElo "2179"]
[PlyCount "103"]
[EventDate "2017.09.25"]
[EventType "team-swiss"]
[EventRounds "7"]
[EventCountry "GER"]
[SourceTitle "EXT 2019"]
[Source "ChessBase"]
[SourceDate "2018.10.10"]
[SourceVersion "1"]
[SourceVersionDate "2018.10.10"]
[SourceQuality "1"]
[WhiteTeam "Bremen"]
[BlackTeam "Sachsen"]
[WhiteTeamCountry "GER"]
[BlackTeamCountry "GER"]

1. d4 Nf6 2. c4 g6 3. Nc3 Bg7 4. e4 d6 5. Nf3 0-0 6. Be2 e5 7. 0-0 Nc6 8. d5 Ne7 9. Ne1 Nd7 10. Nd3 f5 11. Bd2 Nf6 12. f3 Rf7 13. c5 Bf8 14. Qb3 Kh8 15. cxd6 cxd6 16. Rac1 Rg7 17. Nf2 f4 18. Rc2 g5 19. Ng4 Neg8 20. Rfc1 h5 21. Nxf6 Nxf6 22. Be1 g4 23. Bh4 gxf3 24. Bxf3 Bg4 25. Kh1 Bxf3 26. gxf3 Rc8 27. Nd1 Rc5 28. Bf2 Rxc2 29. Qxc2 Ne8 30. Nc3 b6 31. Rg1 Rc7 32. Qe2 Qf6 33. Qf1 Qf7 34. Qh3 Be7 35. Bh4 Bxh4 36. Qxh4 Ng7 37. Qd8+ Kh7 38. Qxd6 Re7 39. Nd1 Ne8 40. Qc6 Rc7 41. Qa4 Nd6 42. Nf2 b5 43. Qd1 Nc4 44. Nh3 Qf6 45. Ng5+ Kh6 46. h4 Nxb2 47. Qb3 Nc4 48. Qxb5 Nd6 49. Qb8 Rb7 50. Qg8 Nxe4 51. fxe4 f3 52. Qe6 1-0

[Event "GER-chT Seniors 26th"]
[Site "Templin"]
[Date "2017.09.27"]
[Round "3.15"]
[White "Rust, Klaus"]
[Black "Stark, Hans Werner"]
[Result "0-1"]
[WhiteElo "2065"]
[BlackElo "2103"]
[PlyCount "64"]
[EventDate "2017.09.25"]
[EventType "team-swiss"]
[EventRounds "7"]
[EventCountry "GER"]
[SourceTitle "EXT 2019"]
[Source "ChessBase"]
[SourceDate "2018.10.10"]
[SourceVersion "1"]
[SourceVersionDate "2018.10.10"]
[SourceQuality "1"]
[WhiteTeam "Bremen"]
[BlackTeam "Schleswig Holstein"]
[WhiteTeamCountry "GER"]
[BlackTeamCountry "GER"]

1. Nf3 d5 2. g3 Nf6 3. Bg2 e6 4. 0-0 Bd6 5. d4 0-0 6. c4 c6 7. Qc2 Nbd7 8. Nbd2 e5 9. dxe5 Nxe5 10. Nxe5 Bxe5 11. Nf3 Bd6 12. cxd5 Nxd5 13. a3 Qf6 14. e4 Nb6 15. Bd2 Re8 16. Bc3 Qh6 17. Rfe1 Bg4 18. Nd4 Rad8 19. e5 Bxe5 20. f3 Bxd4+ 21. Bxd4 Be6 22. Qf2 Nc4 23. f4 a6 24. b3 Nd6 25. Bb6 Rc8 26. Rad1 Bxb3 27. Rb1 Bd5 28. Bxd5 cxd5 29. Bd4 Ne4 30. Qa2 Rc4 31. Rb6 Qh3 32. Qb2 Rec8 0-1